Catálogo

LOS RIESGOS DE LA SUCESION PRESIDENCIAL : (Registro nro. 37847)

Detalles MARC
000 -LEADER
fixed length control field 00612nam a2200193 a 4500
001 - CONTROL NUMBER
control field 37847
005 - DATE AND TIME OF LATEST TRANSACTION
control field 20180714010929.0
008 - FIXED-LENGTH DATA ELEMENTS--GENERAL INFORMATION
fixed length control field 140415s1999 mx 000 0 spa d
020 ## - INTERNATIONAL STANDARD BOOK NUMBER
International Standard Book Number 9687825075
041 ## - LANGUAGE CODE
Language code of text/sound track or separate title spa
082 ## - DEWEY DECIMAL CLASSIFICATION NUMBER
Classification number 324.972064
Item number CRE
100 1# - MAIN ENTRY--PERSONAL NAME
Personal name CRESPO, JOSE ANTONIO
245 14 - TITLE STATEMENT
Title LOS RIESGOS DE LA SUCESION PRESIDENCIAL :
Remainder of title ACTORES E INSTITUCIONES RUMBO AL 2000
250 ## - EDITION STATEMENT
Edition statement 1a ed.
260 ## - PUBLICATION, DISTRIBUTION, ETC.
Place of publication, distribution, etc. MEXICO :
Name of publisher, distributor, etc. CENTRO DE ESTUDIOS DE POLITICA COMPARADA,
Date of publication, distribution, etc. 1999
300 ## - PHYSICAL DESCRIPTION
Extent 137
490 ## - SERIES STATEMENT
Series statement ESTUDIOS COMPARADOS
Volume/sequential designation 4
650 14 - SUBJECT ADDED ENTRY--TOPICAL TERM
Topical term or geographic name entry element ELECCIONES
General subdivision MEXICO
-- HISTORIA
-- 1994
-- 2000
-- SUFRAGIO
Existencias
Withdrawn status Lost status Source of classification or shelving scheme Damaged status Not for loan Collection code Home library Current library Shelving location Date acquired Source of acquisition Inventory number Total Checkouts Full call number Barcode Date last seen Price effective from Koha item type
    Dewey Decimal Classification     General Biblioteca Karol Wojtyla Biblioteca Karol Wojtyla Sala general 03/12/2013 Compra 151000000000000000055008   324.972064 CRE 56879 05/01/2026 03/12/2013 Libro